000
00318nam a2200133Ia 4500
008
231129s2010||||xx |||||||||||||| ||spa||
040
_b
spa
082
_a
194 S858t
100
_a
Sierra Montoya Jorge Emilio
245
0
_a
Tras las huellas de Edgar Morin...
260
_c
2010
264
_a
ASCUN
942
_2
ddc
_c
BKS
999
_c
25574
_d
25574